Statistics for DS Zelda Bosses

Click here to take the quiz!

General Stats

  • This quiz has been taken 4 times
  • The average score is 5 of 19

Answer Stats

GamePlace FoughtBoss% Correct
Spirit TracksTower Of SpiritsByrne
100%
Spirit TracksDark RealmMalladus
100%
Phantom HourglassTemple Of The Ocean KingBellum
50%
Phantom HourglassGhost ShipBellumbeck
50%
Spirit TracksDark RealmCole
50%
Spirit TracksDark RealmDemon Train
50%
Phantom HourglassMutoh's TempleEox
50%
Phantom HourglassSouthwestern SeaGhost Ship
50%
Phantom HourglassTemple Of FireBlaaz
0%
Spirit TracksFire TempleCragma
0%
Phantom HourglassTemple Of CourageCrayk
0%
Phantom HourglassGhost ShipCubus Sisters
0%
Phantom HourglassTemple Of WindCyclok
0%
Phantom HourglassGoron TempleDongorongo
0%
Spirit TracksSnow TempleFraaz
0%
Phantom HourglassTemple Of IceGleeok
0%
Spirit TracksOcean TemplePhytops
0%
Spirit TracksSand TempleSkeldritch
0%
Spirit TracksForest TempleStagnox
0%

Score Distribution

Percentile by Number Answered

Percent of People with Each Score

Your Score History

You have not taken this quiz